000 00682nam a22002057a 4500
005 20251108170125.0
008 250721s1999 xx 000 0 ara d
082 1 4 _aم/415/قال
100 1 _aالقالي، أبو علي إسماعيل بن القاسم ... البغدادي
245 1 0 _aالمقصود و الممدود /
264 1 _aالقاهرة :
_bمكتبة الخانجي،
_c1999.
300 _a672ص
650 1 7 _aاللغة العربية
650 1 7 _aقواعد اللغة
650 1 7 _aعلم الصرف
650 1 7 _aالأفعال ( نحو )
700 1 _aهريدي، أحمد عبد المجيد
_eتحقيق
942 _2ddc
_cREF
999 _c40310
_d40310